[Event "Cry Havoc! Let slip the DOGS of War"]
[Site "SchemingMind.com"]
[Date "2010.06.19"]
[Round "-"]
[White "Timaeus"]
[Black "mochiron"]
[Result "0-1"]
[WhiteCountry "JPN"]
[BlackCountry "JPN"]
[WhiteElo "1419"]
[WhiteRD "72"]
[BlackElo "1484"]
[BlackRD "71"]
[GameID "252031"]

1. f4 d5 2. d4 Nf6 3. Nc3 Bf5 4. e3 e6 5. Nf3 Nc6 6. Bd3 Bxd3 7. cxd3 Bb4 8. Bd2 Bxc3 9. Bxc3 O-O 10. Ne5 Nxe5
11. dxe5 Nd7 12. Qb3 b6 13. O-O-O c5 14. g3 d4 15. exd4 cxd4 16. Bxd4 Rc8+ 17. Bc3 Nc5 18. Qc2 a5 19. Rhe1 b5 20. b4 axb4
21. Bxb4 Nb3+ 22. Kb2 Rxc2+ 23. Kxb3 Rxh2 24. Bxf8 Kxf8 25. Re4 Qd5+ 26. Ka3 Qxa2+ 27. Kb4 Rb2+ 28. Kc3 Qb3+
0-1

[Event "Cry Havoc! Let slip the DOGS of War"]
[Site "SchemingMind.com"]
[Date "2010.06.19"]
[Round "-"]
[White "mochiron"]
[Black "Timaeus"]
[Result "0-1"]
[WhiteCountry "JPN"]
[BlackCountry "JPN"]
[WhiteElo "1484"]
[WhiteRD "71"]
[BlackElo "1419"]
[BlackRD "72"]
[GameID "252037"]

1. f4 d5 2. Nf3 e6 3. e3 g6 4. Be2 Bg7 5. O-O b6 6. d4 Bb7 7. Nc3 Ne7 8. a3 O-O 9. e4 f5 10. e5 c5
11. Ng5 Qd7 12. dxc5 bxc5 13. Bh5 d4 14. Bxg6 Nxg6 15. Qh5 h6 16. Qxg6 Rf7 17. Nxf7 Qxf7 18. Qg3 dxc3 19. Qxc3 Nd7 20. Be3 Rc8
21. Rad1 Nb6 22. b4 cxb4 23. Qxb4 Nd5 24. Qb3 Nc3 25. Rd3 Bd5 26. Rxd5 exd5 27. Kh1 Qd7 28. Bd4 Qb5 29. Bxc3 Qxf1#
0-1

[Event "Cry Havoc! Let slip the DOGS of War"]
[Site "SchemingMind.com"]
[Date "2010.07.02"]
[Round "-"]
[White "Naoki_M"]
[Black "bartleby en passant"]
[Result "1-0"]
[WhiteCountry "JPN"]
[BlackCountry "IRL"]
[WhiteElo "1728"]
[WhiteRD "72"]
[BlackElo "1472"]
[BlackRD "80"]
[GameID "253133"]

1. f4 d5 2. Nf3 g6 3. e3 Bg7 4. Nc3 Nf6 5. d4 Ne4 6. Nxe4 dxe4 7. Ne5 Bxe5 8. fxe5 f5 9. exf6 exf6 10. Bc4 Nc6
11. O-O f5 12. b3 Bd7 13. Bb2 Qg5 14. Qd2 O-O-O 15. d5 Ne7 16. Bxh8 Rxh8 17. Qd4 Rd8 18. Qxa7 Bc6 19. dxc6 Nxc6 20. Be6+ Rd7
21. Qa8+
1-0

[Event "Cry Havoc! Let slip the DOGS of War"]
[Site "SchemingMind.com"]
[Date "2010.07.02"]
[Round "-"]
[White "bartleby en passant"]
[Black "Naoki_M"]
[Result "1-0"]
[WhiteCountry "IRL"]
[BlackCountry "JPN"]
[WhiteElo "1518"]
[WhiteRD "74"]
[BlackElo "1735"]
[BlackRD "72"]
[GameID "253137"]

1. f4 d5 2. Nf3 Nf6 3. d3 Nc6 4. Nc3 Bf5 5. h3 h6 6. g4 Bd7 7. f5 e6 8. e4 dxe4 9. dxe4 e5 10. Bb5 Bb4
11. Bxc6 Bxc6 12. Qxd8+ Rxd8 13. Nxe5 Bxe4 14. Rh2 O-O 15. Re2 Rfe8 16. Bf4 g5 17. fxg6 Bxg6 18. Nxg6 fxg6 19. Bxh6 Nh7 20. Rxe8+ Rxe8+
21. Kf1 Bxc3 22. bxc3 b5 23. Rd1 c5 24. Rd7 Ra8 25. Rg7+ Kh8 26. Rxg6 Nf8 27. Bxf8 Rxf8+ 28. Kg2 Kh7 29. Rg5 Rc8 30. a3 a5
31. h4 b4 32. cxb4 axb4 33. a4 c4 34. Rb5 b3 35. c3 Kg7 36. g5 Rc6 37. Kf3 Kg6 38. Kg4 Kg7 39. h5 Kf7 40. g6+ Kg7
41. Kg5
1-0

[Event "Cry Havoc! Let slip the DOGS of War"]
[Site "SchemingMind.com"]
[Date "2010.07.07"]
[Round "-"]
[White "jtrochez1"]
[Black "baobab"]
[Result "1-0"]
[WhiteCountry "HON"]
[BlackCountry "ITA"]
[WhiteElo "1548"]
[WhiteRD "51"]
[BlackElo "1572"]
[BlackRD "94"]
[GameID "253572"]

1. f4 d5 2. d4 Nf6 3. e3 Nc6 4. Bd2 e6 5. Bd3 Bd7 6. Bc3 Be7 7. Nd2 O-O 8. Ngf3 Ng4 9. g3 Nxe3 10. Qe2 Nf5
11. O-O-O a5 12. Ne5 Ncxd4 13. Bxd4 Nxd4 14. Qg2 c5 15. Ndf3 Bb5 16. Nxd4 Bxd3 17. Rxd3 cxd4 18. Rxd4 f6 19. Nd3 b5 20. f5 Rc8
21. Kb1 e5 22. Rg4 Qc7 23. Qxd5+ Kh8 24. Rc1 Rb8 25. c4 Qc8 26. cxb5 Qxf5 27. Rf4 Qg6 28. Re4 Rfd8 29. Qc4 Rxb5 30. Rg4 Qf5
31. Qe4 Qe6 32. Qe2 Ba3 33. Rgc4 h6 34. R1c3 Bb4 35. Nxb4 Rxb4 36. Rc6 Qf5+ 37. Ka1 Rbd4 38. a3 R8d6 39. Rxd6 Rxd6 40. g4 Qd7
41. Rc1 Rd2 42. Qe4 Rxh2 43. Qa8+ Kh7 44. Qe4+ Kg8 45. Qc4+ Kh7 46. Qe4+ Kh8 47. Qa8+ Kh7 48. Qe4+ Kg8 49. Qa8+ Kh7 50. Qe4+ g6
51. Qc4 Rd2 52. Qa6 Rd6 53. Qxa5 Qxg4 54. Qa7+ Kg8 55. Qb8+
1-0

[Event "Cry Havoc! Let slip the DOGS of War"]
[Site "SchemingMind.com"]
[Date "2010.07.03"]
[Round "-"]
[White "baobab"]
[Black "jtrochez1"]
[Result "0-1"]
[WhiteCountry "ITA"]
[BlackCountry "HON"]
[WhiteElo "1616"]
[WhiteRD "94"]
[BlackElo "1516"]
[BlackRD "53"]
[GameID "253578"]

1. f4 b6 2. Nc3 Bb7 3. Nf3 Nf6 4. d3 e6 5. e4 Be7 6. Be3 Ng4 7. Qe2 Nxe3 8. Qxe3 d6 9. O-O-O c6 10. d4 Qc7
11. Bd3 Nd7 12. g4 O-O-O 13. d5 exd5 14. Kb1 Kb8 15. Rhe1 d4 16. Nxd4 g6 17. a4 a5 18. Bc4 Rhf8 19. f5 g5 20. h3 Bf6
21. Nf3 Ne5 22. Ba2 Nxf3 23. Qxf3 Bxc3 24. Qxc3 f6 25. Be6 Rde8 26. Rh1 Bc8 27. Ba2 Rxe4 28. Rhe1 Rxa4 29. Be6 Bb7 30. Qd3 Rd8
31. Qc3 Rf8 32. Rd3 d5 33. Rde3 Re4 34. Rxe4 dxe4 35. Rxe4 c5 36. Re2 Ba6 37. Rd2 Bc8 38. Bc4 Bd7 39. Ba6 Bc6 40. Qa3 Rd8
41. Re2 Qd6 42. Bc4 Bd5 43. Rd2 Qe5 44. Re2 Bxc4
0-1

[Event "Cry Havoc! Let slip the DOGS of War"]
[Site "SchemingMind.com"]
[Date "2010.07.14"]
[Round "-"]
[White "Clive Everill"]
[Black "kifosi"]
[Result "0-1"]
[WhiteCountry "CZE"]
[BlackCountry "DEN"]
[WhiteElo "1649"]
[WhiteRD "50"]
[BlackElo "1812"]
[BlackRD "72"]
[GameID "253688"]

1. f4 e5 2. fxe5 d6 3. exd6 Bxd6 4. g3 h5 5. Nf3 h4 6. Rg1 hxg3 7. hxg3 Rh1 8. Kf2 Rxg1 9. Nxg1 Qg5 10. Bg2 Bxg3+
11. Kf1 Qf6+ 12. Nf3 Nc6 13. d4 Bg4 14. Bg5 Qe6 15. d5 Qd6 16. Nc3 Ne5 17. Nxe5 Qxe5 18. Qd2 f6 19. Be3 O-O-O 20. Qd3 Re8
21. Bxa7 Qf4+ 22. Kg1 b6 23. Qa6+ Kd8 24. Bxb6 cxb6 25. Qxb6+ Qc7 26. Qxc7+ Bxc7 27. e4 Be5 28. Rb1 f5 29. exf5 Bxf5 30. Nb5 Bxc2
31. Rc1 Bd3 32. Na7 Bd4+ 33. Kh2 Bxa7 34. Rc3 Bb8+ 35. Kh3 Bf5+ 36. Kh4 Ne7 37. Kg5 Be5 38. Rb3 g6 39. Rb6 Rh8 40. Bf3 Nxd5
41. Ra6 Bf4#
0-1

[Event "Cry Havoc! Let slip the DOGS of War"]
[Site "SchemingMind.com"]
[Date "2010.07.14"]
[Round "-"]
[White "kifosi"]
[Black "Clive Everill"]
[Result "1/2-1/2"]
[WhiteCountry "DEN"]
[BlackCountry "CZE"]
[WhiteElo "1812"]
[WhiteRD "72"]
[BlackElo "1649"]
[BlackRD "50"]
[GameID "253690"]

1. f4 g6 2. Nf3 Bg7 3. g3 b6 4. Bg2 Bb7 5. O-O e6 6. d4 Ne7 7. e3 O-O 8. c4 d5 9. cxd5 Bxd5 10. Nc3 Bb7
11. Bd2 Nd7 12. Rc1 c5 13. dxc5 Nxc5 14. Qc2 Nf5 15. Rfd1 Qe7 16. b4 Nd7 17. a3 Rac8 18. Qd3 Rfd8 19. Qe2 Nb8 20. Kh1 Ba6
21. Qe1 Bc4 22. Qf2 Bb3 23. Re1 a6 24. e4 Nd4 25. Nxd4 Bxd4 26. Nd5 exd5 27. Qxd4 Rxc1 28. Bxc1 dxe4 29. Qxe4 Qxe4 30. Bxe4 Rd1
31. Rxd1=
1/2-1/2

[Event "Cry Havoc! Let slip the DOGS of War"]
[Site "SchemingMind.com"]
[Date "2010.07.07"]
[Round "-"]
[White "Aamaroun"]
[Black "Philip"]
[Result "0-1"]
[WhiteCountry "CZE"]
[BlackCountry "INT"]
[WhiteElo "1360"]
[WhiteRD "91"]
[BlackElo "1640"]
[BlackRD "98"]
[GameID "253864"]

1. f4 h5 2. Nf3 d6 3. e4 Nd7 4. Bc4 e6 5. d3 Nb6 6. Bb5+ c6 7. Bc4 Nxc4 8. dxc4 Qb6 9. Nbd2 Nh6 10. b3 Ng4
0-1

[Event "Cry Havoc! Let slip the DOGS of War"]
[Site "SchemingMind.com"]
[Date "2010.07.10"]
[Round "-"]
[White "Olli Ylönen"]
[Black "olivsan"]
[Result "0-1"]
[WhiteCountry "FIN"]
[BlackCountry "BRA"]
[WhiteElo "1462"]
[WhiteRD "53"]
[BlackElo "1515"]
[BlackRD "70"]
[GameID "254151"]

1. f4 Nf6 2. Nf3 g6 3. g3 Bg7 4. Bg2 d5 5. O-O O-O 6. d3 Nc6 7. c3 Bf5 8. d4 b6 9. Na3 a6 10. Nc2 b5
11. b3 Bxc2 12. Qxc2 e6 13. Ba3 b4 14. Bxb4 Nxb4 15. cxb4 Ne4 16. Ne5 Bxe5 17. dxe5 Rc8 18. Bxe4 dxe4 19. Rad1 Qe8 20. Qxe4 c6
21. Rd6 Qe7 22. Rxc6 Rb8 23. Rxa6 Rxb4 24. Ra8 Rxe4
0-1

[Event "Cry Havoc! Let slip the DOGS of War"]
[Site "SchemingMind.com"]
[Date "2010.07.13"]
[Round "-"]
[White "olivsan"]
[Black "Olli Ylönen"]
[Result "0-1"]
[WhiteCountry "BRA"]
[BlackCountry "FIN"]
[WhiteElo "1515"]
[WhiteRD "70"]
[BlackElo "1462"]
[BlackRD "53"]
[GameID "254155"]

1. f4 d5 2. e3 g6 3. d4 Bg7 4. Nf3 Nf6 5. Bd3 O-O 6. Nc3 b6 7. h3 Bb7 8. O-O Ba6 9. a3 Bxd3 10. Qxd3 e6
11. b4 Nbd7 12. Nb5 a6 13. Nc3 c5 14. bxc5 bxc5 15. dxc5 Nxc5 16. Qe2 Nfe4 17. Nxe4 Bxa1 18. Nxc5 a5 19. Bd2 Qc7 20. Rxa1 Qxc5
21. Ne5 Qxc2 22. Nd7 Qb2 23. Qd1 Rfd8 24. Nf6+ Qxf6 25. Qa4 Qxa1+ 26. Kf2 Qb2 27. Ke2 Rdc8 28. Qd1 Qxa3
0-1

[Event "Cry Havoc! Let slip the DOGS of War"]
[Site "SchemingMind.com"]
[Date "2010.07.14"]
[Round "-"]
[White "tyler_ensor"]
[Black "Shanks"]
[Result "1-0"]
[WhiteCountry "CAN"]
[BlackCountry "ENG"]
[WhiteElo "1797"]
[WhiteRD "71"]
[BlackElo "1250"]
[BlackRD "76"]
[GameID "254265"]

1. f4 d5 2. Nf3 c6 3. e3 Nf6 4. Be2 g6 5. b3 Bg7 6. Bb2 O-O 7. O-O Nbd7 8. d3 c5 9. a4 a5 10. Nbd2 b6
11. e4 d4 12. h3 e5 13. fxe5 Ne8 14. Nc4 Nc7 15. Qe1 Ne6 16. Qg3
1-0

[Event "Cry Havoc! Let slip the DOGS of War"]
[Site "SchemingMind.com"]
[Date "2010.07.14"]
[Round "-"]
[White "Shanks"]
[Black "tyler_ensor"]
[Result "0-1"]
[WhiteCountry "ENG"]
[BlackCountry "CAN"]
[WhiteElo "1250"]
[WhiteRD "76"]
[BlackElo "1797"]
[BlackRD "71"]
[GameID "254267"]

1. f4 e5 2. fxe5 d6 3. exd6 Bxd6 4. Nf3 g5 5. g3 Nc6 6. a3 g4 7. Nh4 f5 8. d4 f4 9. Ng2 fxg3 10. hxg3 Bxg3+
0-1

[Event "Cry Havoc! Let slip the DOGS of War"]
[Site "SchemingMind.com"]
[Date "2010.09.10"]
[Round "-"]
[White "tyler_ensor"]
[Black "Philip"]
[Result "1-0"]
[WhiteCountry "CAN"]
[BlackCountry "INT"]
[WhiteElo "1856"]
[WhiteRD "70"]
[BlackElo "1581"]
[BlackRD "96"]
[GameID "259843"]

1. f4 d5 2. Nf3 c5 3. g3 Nc6 4. Bg2 e6 5. O-O Bd6 6. d3 Nge7 7. e4 dxe4 8. dxe4 O-O 9. Be3 Qb6 10. Qxd6 Qxb2
11. Nbd2 Qxc2 12. Qxc5 Qxc5 13. Bxc5 b6 14. Ba3 Ba6 15. Rfc1 Rfc8 16. Nb3 Ng6 17. Nbd4 Nxd4 18. Nxd4 e5 19. fxe5 Nxe5 20. Nf5 Rxc1+
21. Rxc1 g6 22. Ne7+ Kh8 23. Bb2 f6 24. Bxe5 fxe5 25. Rc7 g5 26. Nc6 Bb5 27. Nxe5
1-0

[Event "Cry Havoc! Let slip the DOGS of War"]
[Site "SchemingMind.com"]
[Date "2010.09.10"]
[Round "-"]
[White "Philip"]
[Black "tyler_ensor"]
[Result "0-1"]
[WhiteCountry "INT"]
[BlackCountry "CAN"]
[WhiteElo "1581"]
[WhiteRD "96"]
[BlackElo "1856"]
[BlackRD "70"]
[GameID "259849"]

1. f4 e5 2. f5 d5 3. d4 e4 4. Be3 Bxf5 5. Nc3 Nf6 6. h3 h5 7. Qd2 Bd6 8. O-O-O Qe7 9. a3 Nbd7 10. Nb5 Nb6
11. Nxd6+ Qxd6 12. Bf4 Qc6 13. e3 Nc4 14. Bxc4 dxc4 15. c3 Nd5 16. Bh2 b5 17. Ne2 O-O 18. Rdf1 Bg6 19. g4 h4 20. Nf4 a5
21. Nxg6 Qxg6 22. Rf5 Qe6 23. Re5 Qc6 24. Qf2 b4 25. Qxh4 bxa3 26. Rh5 axb2+ 27. Kd2 f6 28. Rh8+ Kf7 29. Qh5+ Ke7 30. Rxf8 Rxf8
31. g5 f5 32. Be5 Rb8 33. Rb1 Rb3 34. Bxg7 Nxc3 35. Bf6+ Kd7 36. Qf7+ Kc8 37. Rxb2 Rxb2+ 38. Kxc3 Rb3+ 39. Kc2 Rxe3
0-1

[Event "Cry Havoc! Let slip the DOGS of War"]
[Site "SchemingMind.com"]
[Date "2010.10.11"]
[Round "-"]
[White "kifosi"]
[Black "Timaeus"]
[Result "1-0"]
[WhiteCountry "DEN"]
[BlackCountry "JPN"]
[WhiteElo "1927"]
[WhiteRD "74"]
[BlackElo "1399"]
[BlackRD "73"]
[GameID "263198"]

1. f4 g6 2. Nf3 b6 3. e4 Bb7 4. Bc4 Bxe4 5. Bxf7+ Kxf7 6. Ng5+ Ke8 7. Nxe4 e6 8. O-O d5 9. Ng5 Bc5+ 10. Kh1 Nf6
11. Nxe6 Qd7 12. Nxc5 Qg4 13. Qxg4 Kf7 14. Qe6+ Kg7 15. Qe7+ Kh6 16. Qxf6 Nc6 17. Ne6
1-0

[Event "Cry Havoc! Let slip the DOGS of War"]
[Site "SchemingMind.com"]
[Date "2010.10.12"]
[Round "-"]
[White "Timaeus"]
[Black "kifosi"]
[Result "0-1"]
[WhiteCountry "JPN"]
[BlackCountry "DEN"]
[WhiteElo "1399"]
[WhiteRD "73"]
[BlackElo "1927"]
[BlackRD "74"]
[GameID "263205"]

1. f4 e5 2. fxe5 d6 3. exd6 Bxd6 4. e4 Qh4+ 5. g3 Qxe4+ 6. Qe2 Qxe2+ 7. Bxe2 Nf6 8. Nf3 Nc6 9. d4 O-O 10. Bf4 Bxf4
11. gxf4 Nd5 12. Nbd2 Nxf4 13. Bf1 Re8+ 14. Kf2 a6 15. Re1 Bf5 16. Bd3 Bxd3 17. Rxe8+ Rxe8 18. h3 Bxc2 19. Ne1 Nxd4 20. Nxc2 Nxc2
21. Kf3 Ng6 22. Rc1 Nd4+ 23. Kg3 Ne2+
0-1

[Event "Cry Havoc! Let slip the DOGS of War"]
[Site "SchemingMind.com"]
[Date "2010.10.24"]
[Round "-"]
[White "bartleby en passant"]
[Black "olivsan"]
[Result "0-1"]
[WhiteCountry "IRL"]
[BlackCountry "BRA"]
[WhiteElo "1593"]
[WhiteRD "78"]
[BlackElo "1453"]
[BlackRD "78"]
[GameID "264494"]

1. f4 d5 2. Nf3 Nf6 3. d4 e6 4. a3 Nc6 5. Nc3 Bd6 6. h3 h6 7. e3 O-O 8. g4 Ne4 9. Bd3 Nxc3 10. bxc3 a6
11. c4 dxc4 12. Bxc4 b5 13. Bb3 Bb7 14. c4 bxc4 15. Bxc4 Qf6 16. Bd5 exd5 17. Ra2 Rae8
0-1

[Event "Cry Havoc! Let slip the DOGS of War"]
[Site "SchemingMind.com"]
[Date "2010.10.25"]
[Round "-"]
[White "olivsan"]
[Black "bartleby en passant"]
[Result "0-1"]
[WhiteCountry "BRA"]
[BlackCountry "IRL"]
[WhiteElo "1453"]
[WhiteRD "78"]
[BlackElo "1593"]
[BlackRD "78"]
[GameID "264498"]

1. f4 d5 2. Nf3 Nf6 3. e3 Bf5 4. Be2 e6 5. d4 Ne4 6. a3 Be7 7. O-O h6 8. Bd3 Nc6 9. Nc3 Nxc3 10. bxc3 Be4
11. Bxe4 dxe4 12. Ne5 O-O 13. Nxc6 bxc6 14. Bd2 f5 15. Qh5 c5 16. c4 cxd4 17. exd4 Qxd4+ 18. Kh1 Qxd2 19. Qd1 Rad8 20. Qxd2 Rxd2
21. c3 Rc2 22. Rfc1 Rxc1+ 23. Rxc1 Bxa3 24. Ra1 Rd8 25. Rxa3 Rd1#
0-1

[Event "Cry Havoc! Let slip the DOGS of War"]
[Site "SchemingMind.com"]
[Date "2011.02.05"]
[Round "-"]
[White "olivsan"]
[Black "kifosi"]
[Result "0-1"]
[WhiteCountry "BRA"]
[BlackCountry "DEN"]
[WhiteElo "1400"]
[WhiteRD "93"]
[BlackElo "1928"]
[BlackRD "97"]
[GameID "274646"]

1. f4 Nf6 2. Nc3 Nc6 3. e4 e5 4. fxe5 Nxe5 5. d4 Ng6 6. e5 Ng8 7. Nf3 d6 8. exd6 Bxd6 9. g3 a6 10. Bc4 Qe7+
11. Qe2 Bg4 12. Nd5 Qxe2+ 13. Bxe2 N8e7 14. Nxe7 Nxe7 15. Be3 O-O-O 16. Ng5 Bxe2 17. Kxe2 Rhe8 18. g4 Nd5 19. Nxf7 Rxe3+ 20. Kd2 Rf8
21. Nxd6+ cxd6 22. b3 Rf2+ 23. Kc1 Ree2 24. Kb2 Rxc2+ 25. Ka3 b5 26. Rac1 Kd7 27. Rxc2 Rxc2 28. h3 a5 29. Ra1 Nc3 30. b4 a4
31. g5 Kc6 32. h4 g6
0-1

[Event "Cry Havoc! Let slip the DOGS of War"]
[Site "SchemingMind.com"]
[Date "2011.02.05"]
[Round "-"]
[White "kifosi"]
[Black "olivsan"]
[Result "1-0"]
[WhiteCountry "DEN"]
[BlackCountry "BRA"]
[WhiteElo "1928"]
[WhiteRD "97"]
[BlackElo "1400"]
[BlackRD "93"]
[GameID "274650"]

1. f4 d5 2. Nf3 Nf6 3. g3 Nc6 4. Bg2 e6 5. O-O Bc5+ 6. Kh1 O-O 7. a3 b6 8. d4 Nxd4 9. Nxd4 Qd7 10. b4 Bd6
11. Bb2 Ba6 12. Nf3 Be7 13. Ne5 Qb5 14. Nc3 Qe8 15. Qd2 Bd6 16. Rab1 c6 17. Ba1 Bxe5 18. fxe5 Ng4 19. Nd1 Qe7 20. Nf2 Nxe5
21. Bxe5 f6 22. Ba1 e5 23. Rfd1 Rad8 24. e3 e4 25. Qc3 Bb5 26. Bf1 Bxf1 27. Rxf1 Qe6 28. Kg2 b5 29. Nh3 Qg4 30. Qd2 Rde8
31. Rf4 Qe6 32. Rbf1 g5 33. Nxg5 Qe7 34. Qd4 Qe5 35. Qxe5 fxe5 36. Rxf8+ Rxf8 37. Rxf8+ Kxf8 38. Bxe5 Kg8 39. Kh3 h6 40. Ne6 Kf7
41. Nd4
1-0

[Event "Cry Havoc! Let slip the DOGS of War"]
[Site "SchemingMind.com"]
[Date "2011.05.19"]
[Round "-"]
[White "diggies"]
[Black "kifosi"]
[Result "1/2-1/2"]
[WhiteCountry "USA"]
[BlackCountry "DEN"]
[WhiteElo "1719"]
[WhiteRD "97"]
[BlackElo "1968"]
[BlackRD "102"]
[GameID "284124"]

1. f4 d5 2. Nf3 g6 3. d4 Bg7 4. e3 Nh6 5. Bd3 O-O 6. O-O Bf5 7. Ne5 Bxe5 8. fxe5 Bxd3 9. Qxd3 a6 10. Nc3 e6
11. Ne2 Qh4 12. Bd2 c5 13. Rf4 Qe7 14. c3 Nc6 15. Rf3 c4 16. Qb1 Nf5 17. e4 dxe4 18. Qxe4 Rac8 19. Ng3 Qh4 20. Qxh4 Nxh4
21. Rf4 Nf5 22. Nxf5 exf5 23. h4 Rcd8 24. Rf3 Rfe8= 25. Bg5 Rd7 26. Raf1 b5 27. Rg3 h5 28. Bf6 Kh7 29. Re3 Re6 30. Ref3 Ne7
31. Bg5 Nd5 32. Re1 a5= 33. a3 a4 34. g3 Re8 35. Kf1 Kg8 36. Rf2 Re6 37. Rfe2 Rc7 38. Kf2 Rc8= 39. Bh6 Rce8 40. Kf3 Kh7
41. Bg5 Kg7= 42. Kf2 Kh7 43. Kf3 Kg7 44. Be3 Kg8 45. Bg5=
1/2-1/2

[Event "Cry Havoc! Let slip the DOGS of War"]
[Site "SchemingMind.com"]
[Date "2011.05.17"]
[Round "-"]
[White "kifosi"]
[Black "diggies"]
[Result "1-0"]
[WhiteCountry "DEN"]
[BlackCountry "USA"]
[WhiteElo "1968"]
[WhiteRD "102"]
[BlackElo "1719"]
[BlackRD "97"]
[GameID "284130"]

1. f4 d5 2. Nf3 Nf6 3. g3 e6 4. Bg2 Bc5 5. e3 O-O 6. a3 Nbd7 7. O-O c6 8. Nc3 Ne4 9. d4 Nxc3 10. bxc3 Bb6
11. a4 a5 12. Ba3 Re8 13. Ne5 Nxe5 14. fxe5 Bc7 15. Rf2 Qd7 16. Qh5 Bd8 17. Raf1 f5 18. e4 g6 19. Qh6 Be7 20. Bxe7 Qxe7
21. exf5 exf5 22. g4 Be6 23. gxf5 Bxf5 24. Bh3 Rf8 25. Bxf5 Rxf5 26. Rxf5 gxf5 27. Rxf5 Kh8 28. Kf2 Rc8 29. e6 Qg7 30. Qxg7+ Kxg7
31. Rf7+ Kg6 32. Rxb7 Kf6 33. e7 Ke6 34. Rc7 h5 35. Rxc8
1-0